[Event "HON-ch qual1"]
[Site "San Pedro Sula"]
[Date "2019.11.20"]
[Round "5"]
[White "Garcia, Ignacio"]
[Black "Vasquez Miranda, Lenin Jesed"]
[Result "1-0"]
[WhiteElo "1967"]
[BlackElo "1692"]
[PlyCount "59"]
[EventDate "2019.11.18"]
[EventType "swiss"]
[EventRounds "7"]
[EventCountry "HON"]
[SourceTitle "EXT 2021"]
[Source "ChessBase"]
[SourceDate "2020.10.23"]
[SourceVersion "1"]
[SourceVersionDate "2020.10.23"]
[SourceQuality "1"]

1. e4 c5 2. Nf3 d6 3. Bb5+ Bd7 4. Bxd7+ Nxd7 5. d4 cxd4 6. Nxd4 Ngf6 7. Nc3 a6 8. 0-0 g6 9. Be3 Bg7 10. f3 0-0 11. Qd2 Ne5 12. b3 Rc8 13. Nd5 Nc6 14. c4 Nd7 15. Rac1 Nde5 16. Rfe1 Kh8 17. Kh1 Re8 18. Ne2 Nd7 19. Nef4 Qa5 20. Qf2 Bh6 21. Nxg6+ fxg6 22. Bxh6 Qa3 23. Rb1 b5 24. Bc1 Qc5 25. Be3 Qa3 26. Bc1 Qc5 27. Be3 Qa3 28. b4 bxc4 29. Bc1 c3 30. Bxa3 1-0

[Event "San Salvador zt 2.3"]
[Site "San Salvador"]
[Date "2017.05.29"]
[Round "7"]
[White "Vasquez Miranda, Lenin Jesed"]
[Black "Espinoza Roman, Juan Carlos"]
[Result "0-1"]
[WhiteElo "1727"]
[BlackElo "1810"]
[PlyCount "87"]
[EventDate "2017.05.26"]
[EventType "swiss"]
[EventRounds "9"]
[EventCountry "ESA"]
[SourceTitle "CBM 178 Extra"]
[Source "ChessBase"]
[SourceDate "2017.06.22"]
[SourceVersion "1"]
[SourceVersionDate "2017.06.22"]
[SourceQuality "1"]

1. d4 Nf6 2. c4 e5 3. e3 exd4 4. exd4 Bb4+ 5. Nc3 0-0 6. Nf3 Re8+ 7. Be2 Qe7 8. Bg5 Bxc3+ 9. bxc3 Qa3 10. Bxf6 Qxc3+ 11. Nd2 gxf6 12. d5 Qe5 13. Nf3 Qc3+ 14. Nd2 Qe5 15. Nf3 Qe4 16. Rc1 d6 17. Rc3 Qf4 18. 0-0 Bf5 19. Nd4 Bg6 20. Rb3 b6 21. Nb5 Re7 22. Rf3 Qh6 23. Rxf6 Nd7 24. Rf3 Ne5 25. Rh3 Qf4 26. Re3 a6 27. g3 Qh6 28. Nd4 Rae8 29. Re1 Nd7 30. Rxe7 Rxe7 31. Nc6 Re8 32. Bg4 Rxe1+ 33. Qxe1 Nf6 34. Ne7+ Kh8 35. Qc3 Qg7 36. Nf5 Bxf5 37. Bxf5 Ne8 38. Qxg7+ Nxg7 39. Bc8 a5 40. g4 Ne8 41. f3 Kg7 42. Kf2 h6 43. Ke2 Nf6 44. Ke3 0-1